| 000 | 00478cam a2200205 4500 | ||
|---|---|---|---|
| 001 | B1418 | ||
| 008 | 090401t1985 xxu||||| |||| 00| 0 eng d | ||
| 035 | _a(Sirsi) u44326 | ||
| 041 | _aeng | ||
| 050 | _a333.336 | ||
| 110 |
_aFuller Peiser _92056 |
||
| 245 | _aHigh technology `85 | ||
| 260 |
_aLondon _bFuller Peiser _c1985 |
||
| 300 | _a44 leaves : ill. ; 30cm. | ||
| 350 | _a0 | ||
| 650 | _aINDUSTRIAL PROPERTY | ||
| 650 | _aRENT | ||
| 942 | _n0 | ||
| 948 | _c04/03/1997 | ||
| 999 |
_c91490 _d91490 |
||